10 hitos en los que Colombia cambia el chip / (Registro nro. 3858)
[ vista simple ]
| 000 -LEADER | |
|---|---|
| fixed length control field | 01354nam a2200241Ia 4500 |
| 008 - FIXED-LENGTH DATA ELEMENTS--GENERAL INFORMATION | |
| fixed length control field | 191128s9999 xx 000 0 und d |
| 082 ## - DEWEY DECIMAL CLASSIFICATION NUMBER | |
| Classification number | H |
| 082 ## - DEWEY DECIMAL CLASSIFICATION NUMBER | |
| Item number | SAMd |
| 100 ## - MAIN ENTRY--PERSONAL NAME | |
| Personal name | Samper Ospina, Daniel, autor |
| 245 #0 - TITLE STATEMENT | |
| Title | 10 hitos en los que Colombia cambia el chip / |
| 245 #0 - TITLE STATEMENT | |
| Statement of responsibility, etc. | Daniel Samper Ospina ; caricaturistas Émerson Gaviria Cortés, Alfredo Ramírez Parra, Alberto Barreto, Julio César Gonzalez [y otros 6] |
| 260 ## - PUBLICATION, DISTRIBUTION, ETC. | |
| Place of publication, distribution, etc. | [Bogotá] |
| 260 ## - PUBLICATION, DISTRIBUTION, ETC. | |
| Name of publisher, distributor, etc. | Babel, |
| 260 ## - PUBLICATION, DISTRIBUTION, ETC. | |
| Date of publication, distribution, etc. | 2016?] |
| 300 ## - PHYSICAL DESCRIPTION | |
| Extent | [113] páginas sin numerar |
| 300 ## - PHYSICAL DESCRIPTION | |
| Other physical details | ilustraciones en blanco y negro |
| 300 ## - PHYSICAL DESCRIPTION | |
| Dimensions | 16 cm |
| 505 ## - FORMATTED CONTENTS NOTE | |
| Formatted contents note | Voto de la mujer -- El celular -- e-mail -- Matrimonio igualitario -- Carpooling -- Neutralidad de Internet -- Del artículo 20 a twitter -- Colombia en Paz -- De la parabólica a Youtube -- Economía colaborativa |
| 520 ## - SUMMARY, ETC. | |
| Summary, etc. | La innovación es inevitable, venimos programados para diseñar nuevas y mejores soluciones para todo aquello con lo que estamos conformes. '10 hitos en los que Colombia cambia el chip' invito a 11 líderes de opinión, de todos los rincones del país. |
| 546 ## - LANGUAGE NOTE | |
| Language note | spa |
| 650 ## - SUBJECT ADDED ENTRY--TOPICAL TERM | |
| Topical term or geographic name entry element | Tiras comicas, historietas, etc. Humorismo gráfico-- |
| 799 ## - LOCAL ADDED ENTRY--UNIFORM TITLE (RLIN) | |
| Uniform title | Gaviria Cortés, Émerson, caricaturista Ramírez Parra, Alfredo, caricaturista Barreto, Alberto, caricaturista Gonzalez, Julio César, caricaturista |
| Withdrawn status | Lost status | Materials specified (bound volume or other part) | Damaged status | Not for loan | Collection code | Home library | Current library | Date acquired | Total Checkouts | Full call number | Barcode | Date last seen | Date last checked out | Copy number | Price effective from | Koha item type |
|---|---|---|---|---|---|---|---|---|---|---|---|---|---|---|---|---|
| Donación--01/12/2018-- | Biblioteca Pública José María del Castillo y Rada | Biblioteca Pública José María del Castillo y Rada | 11/28/2019 | 3 | H SAMd | 201808376 | 08/27/2024 | 08/27/2024 | Ej.1 | 11/28/2019 | Books |